| 000 | 01081nam a2200301 4500 | ||
|---|---|---|---|
| 003 | EC-UNACH | ||
| 005 | 20251125110730.0 | ||
| 006 | s||||gr|||| 00| 00 | ||
| 008 | 150116t9999 mx r gr 000 0 spa d | ||
| 020 | _a84-414-0141-1 | ||
| 040 |
_aEC-UNACH _cEC-UNACH |
||
| 041 | _aspa | ||
| 082 | 0 | 4 |
_223 _a150 _bL018388 |
| 110 | _aEditorial EDAF S.A | ||
| 245 | _aCómo conocer y mejorar su salud mental | ||
| 250 | _aPrimera edición | ||
| 264 |
_aEspaña _bEditorial EDAF S.A _c1995 |
||
| 300 | _a247 | ||
| 505 | _aPrimera parte - Es usted capaz de adaptarse - - Segunda parte - Otros test y consejos rápidos importantes - -Tercera parte - Unos capítulos para los mayores - -Cuarta parte - El segundo test de la adaptabilidad - - Quinta parte - Alguien puede ayudarle . | ||
| 650 | _aQUE ES LA ADPTABILIDAD | ||
| 650 | _aEL TEST | ||
| 650 | _aALGUNOS DATOS DE LA SALUD MENTAL | ||
| 700 | _aGeorge D. Cohen / William Gladstone | ||
| 942 |
_2ddc _c1 |
||
| 999 | _c14216 | ||